Zwierzęta na literę Z - Statystyki

Ogólne statystyki
  • Ten quiz został rozwiązany 462 razy
  • Średni wynik to 3 z 6
Statystyki odpowiedzi
Zwierzę % Poprawnych
zebra
97%
zając
46%
zaskroniec
43%
zimorodek
39%
zięba
30%
zatoczek
3%
Nie znaleziono quizów pasujących do podanych kryteriów
Rozkład punktacji
Procent ludzi z każdym wynikiem
Percentyl według liczby udzielonych odpowiedzi
Twoja historia wyników
Nie rozwiązałeś tego quizu